000 00993cam a22002895i 4500
999 _c21584
_d21556
001 14253066
003 EG-ScBUE
005 20201101104029.0
008 060203s2006 nyu f b 001 0deng d
020 _a9780415338486 (pbk : alk. paper)
020 _a0415338484 (pbk. : alk. paper)
040 _aDLC
_beng
_erda
_cDLC
_dDLC
_dEG-ScBUE
082 0 4 _a801.950922
_bLAN
_222
100 1 _aLane, Richard J.,
_d1966-
_eauthor.
_939774
245 1 0 _aFifty key literary theorists /
_cRichard J. Lane.
264 1 _aNew York ;
_aLondon :
_bRoutledge / Taylor & Francis Group,
_c2006.
300 _aviii, 268 pages ;
_c23 cm
336 _atext
_btxt
_2rdacontent
337 _aunmediated
_bn
_2rdamedia
338 _avolume
_bnc
_2rdacarrier
504 _aIncludes bibliographical references and index.
650 7 _aCriticism
_vBio-bibliography.
_2BUEsh
_919728
650 7 _aCriticism
_xHistory
_y20th century.
_2BUEsh
_939743
651 _2BUEsh
653 _bHHUUEENN
_cApril2016
942 _2ddc
_cBB